Vista normal
Vista MARC
Entrada Topical Term
Número de registros utilizados en: 1
001 - CONTROL NUMBER
- control field: 5514
003 - CONTROL NUMBER IDENTIFIER
- control field: OSt
005 - DATE AND TIME OF LATEST TRANSACTION
- control field: 20200611163238.0
008 - FIXED-LENGTH DATA ELEMENTS
- fixed length control field: 200611|| aca||aabn | a|a d
040 ## - CATALOGING SOURCE
- Original cataloging agency: OSt
- Transcribing agency: OSt
150 ## - HEADING--TOPICAL TERM
- Topical term or geographic name entry element: Capitalismo
670 ## - SOURCE DATA FOUND
- Source citation: Work cat.: (OSt)5457: Salama, Pierre, autor 5513, Una introducción a la economía política /, 1976.